1080 1292 1942 1099 1050 1184 1710 1194 1301 1324 1349 1180 1264 1373 1148 1903 1044 1208 1550 1871 1907 1175 1619 1165 1995 1009 1184 1437 1968 1033 1945 1344 1130 1976 1861 1281 1902 1385 1826 1441 1038 1164 1641 1672 1411 1724 1642 1346 1621 1453 1168 1249 1190 1590 1184 1837 1482 1446 1602 1731 1825 1370 1522 1238 1037 1624 1426 1275 1508 1633 1897 1916 1470 1501 1481 1086 1686 1772 1171 1349 1702 1414 1847 1745 1554 1046 1848 1830 1324 1390 1562 1110 1933 1455 1892 1311 1778 1722 1414 BCNSPRNW ULIB Ver.6.0+V

เปลี่ยนเป็นภาษาไทย

Change to English
 แสดงรายละเอียดบรรณานุกรม
  กลับหน้าหลัก

Brief Record : Get Marc (ISO 2709) : E-mail record : QR code < ปิดหน้าต่าง
LEADER : 00000nam 2200000uu 4500
001    13399114219
003     ULIB
008    120305s2553||||th 000 0 tha d
020    ^a9786165511872
060 04 ^aWQ100^bจ724O
100 0  ^aเจริญ ทวีผลเจริญ
110 1  ^aจุฬาลงกรมหาวิทยาลัย. ^bคณะแพทย์ศาสตร์. ^bภาควิชาสูติศาสตร์ - นรีเวชศาสตร์
245 00 ^aOB & GYN :^bupdate & practical IX /^cบรรณาธิการ: เจริญ ทวีผลเจริญ และ นิพนธ์ เขมะเพชร
250    ^aพิมพ์ครั้งที่ 1
260    ^aกรุงเทพฯ :^bภาควิชาสูติศาสตร์-นรีเวชวิทยา คณะแพทยศาสตร์จุฬาลงกรณ์มหาวิทยาลัย,^c2553
300    ^a156 หน้า :^bภาพประกอบ, ตาราง, แผนภูมิ ;^c29 ซม
650  2 ^aGynecology^xcollected works
650  2 ^aObstetrics^xcollected works
650  7 ^aนรีเวชวิทยา^xรวมเรื่อง
650  7 ^aสูติศาสตร์^xรวมเรื่อง
700 0  ^aเจริญ ทวีผลเจริญ
700 0  ^aนิพนธ์ เขมะเพชร
945    ^p280^l0^i18878
945    ^p280^l0^i18882
995    ^aกัณชพร
999    ^aใช้งานได้ทุกระบบ
รายการนี้ยังไม่มีแท็ก
คุณยังไม่ได้ล็อกอิน คุณสามารถมีกิจกรรมร่วมกับเว็บไซต์ได้ แต่ต้องล็อกอินก่อน ::
  ล็อกอิน

รายการสื่อสารสนเทศ

ลำดับที่ ประเภท เลขเรียก/บาร์โค้ด สถานที่ สถานะ
1. วิทยาศาสตร์การแพทย์ และสุขภาพ
วิทยาศาสตร์การแพทย์ และสุขภาพ
สถานะ=หนังสือเก่า
WQ100 จ724O  
  Barcode: 18878
ห้องสมุดวิทยาเขตนครสวรรค์
►ส่วนจัดเก็บหนังสือเก่า นว.
บนชั้น
  ขอยืม
2. วิทยาศาสตร์การแพทย์ และสุขภาพ
วิทยาศาสตร์การแพทย์ และสุขภาพ
สถานะ=หนังสือเก่า
WQ100 จ724O ฉ.2 
  Barcode: 18882
ห้องสมุดวิทยาเขตนครสวรรค์
►ส่วนจัดเก็บหนังสือเก่า นว.
บนชั้น
  ขอยืม

รายการใกล้เคียง
    ผู้แต่ง [เจริญ ทวีผลเจริญ]

BibComment


ยังไม่เคยถูกคอมเมนท์

คอมเมนท์ทรัพยากรรายการนี้
  คอมเมนท์: OB GYN update ..


 Copyright 2026. Bcnsprnw @Library